000 00460nam a2200181Ia 4500
001 9575
005 20260306161728.0
008 260306t2007||||xx |||||||||||||| ||spa||
041 _aESP
082 _a382.1
_bH54
100 _aHill, Charles W. L.
_eAUT
245 0 _aNegocios internacionales:
_bcompetencia en el mercado global
260 _c2007
300 _axxiii, 740 páginas :
_c27 cm.
650 _aGEN
654 _aCAN
942 _cLIB
_dJUS
_fJUS
_2ddc
_n
999 _c9575
_d9575